| 000 | 00648nac a22002051u 4500 | ||
|---|---|---|---|
| 008 | 100907t1969 -ny|||||r|||| 001 0 eng d | ||
| 010 | _a75118112 | ||
| 020 | _a0444196544 | ||
| 082 | 0 | 0 |
_a624.1776 _bBUL |
| 100 |
_aBulson, P. S., _918457 |
||
| 245 | 1 | 4 |
_aThe Stability of Flat Plates/ _cby P. S. Bulson. |
| 260 |
_aNew York, _bAmerican Elsevier Pub. , _c[1969] |
||
| 300 |
_ax, 470 p. : _bill. ; _c25 cm. |
||
| 500 | _aDonations | ||
| 500 | _aDonations - Dr. Mostafa Gouda | ||
| 504 | _aIncludes bibliographies. | ||
| 650 | 0 |
_aPlates (Engineering) _918458 |
|
| 650 | 0 |
_aStructural stability. _918459 |
|
| 942 |
_cBB _k624.1776BUL _2ddc |
||
| 999 |
_c1809 _d1809 |
||